Notitia Conciliorum Sanctae Ecclesiae In qua elecidantur exectissime tum Sacri Canones, tum veteres, novique Ecclesiae Ritus; tum praecipuae Partes Ecclesiasticae Historiae. Tomulus secundus

Bibliographic Details
Main Author: Cabassut, Jean, 1604-1685 (Author)
Corporate Author: Akademická tlačiareň (Trnava, Slovensko) (Printer)
Format: Book
Language:Latin
PhysicalDescription:[8], 334, [48] s. 8° 15 x 10 cm,
Published: Tyrnaviae [Trnava] Typis Academicis Societatsis Jesu Anno M.DCC.L. [=1750]
Subjects:

MARC

LEADER 00000cam a2200000 a 4500
001 vtls001449028
003 SK-MaSNL
005 20260301073041.0
008 030205s1750 xo 0 lat
035 |a SNK000404300 
040 |a SNK  |b slo  |c SNK  |e AACR2 
041 0 |a lat 
044 |a xo  |c SK 
072 7 |a 27-9  |x Dejiny kresťanskej cirkvi  |2 konspekt 
072 7 |a 27  |x Kresťanstvo. Kresťanská cirkev všeobecne. Ekleziológia  |2 konspekt 
080 |a 27-9  |2 2011 
080 |a 27-732.3/.4  |2 2011 
100 1 |a Cabassut, Jean,  |d 1604-1685  |4 aut  |9 159549 
245 1 0 |a Notitia Conciliorum Sanctae Ecclesiae  |b In qua elecidantur exectissime tum Sacri Canones, tum veteres, novique Ecclesiae Ritus; tum praecipuae Partes Ecclesiasticae Historiae.  |n Tomulus secundus  |c Authore Joanne Cabassutio, Aguisextiensi Presbytero Congregationis Oratorii Domini Jesu. 
260 |a Tyrnaviae [Trnava]  |b Typis Academicis Societatsis Jesu  |c Anno M.DCC.L. [=1750] 
300 |a [8], 334, [48] s.  |c 8°  |c 15 x 10 cm, 
500 |a Titulná strana s vinetou, drevorez signovaný F., ozdobné iniciály, živé záhlavie, zložky, kustody 
501 |a Obsahuje príväzok 1:Ordódy, Caroli: Auditoribus oblata dum sub munificis auspiciis ... Conclusiones Theologicas de Ecclesiae sacramentis in genere actribus primus in specie,... Tyrnaviae in Conventu Divo Josepho Sacro Anno 1751. 8°  |5 SNK: SD 63197/2 D1 
510 4 |a Petrik  |c I/370 
510 4 |a Bibliografia územne slovacikálnych tlačí 18. storočia  |c 1429 
562 |a Rukopisná poznámka: Andrea Stephani Sebö de Eadem 
563 |a Väzba pôvodná, papier potiahnutý tmavohnedou kožou, poškodená 
650 0 7 |a cirkevné dejiny  |2 SNKPH  |9 3909 
650 0 7 |a koncily  |2 SNKPH  |9 4149 
710 2 |a Akademická tlačiareň (Trnava, Slovensko)  |4 prt  |9 232890 
752 |a Slovensko  |d Trnava 
852 |a snk  |p SD 63197/2 D1 
958 |a DD 
958 |a ONDV 
999 |c 643006  |d 644936 
952 |a SNK  |b SNK  |y VYP  |7 0  |p 17A0516871  |o snkSD 63197/2 D1  |i snk2006/14151  |8 1  |0 0  |1 0  |4 0  |d 2006-07-20  |l 0  |r 2026-02-23 17:58:07  |w 2026-02-23 
952 |t P60, <03>, [BOOK], {603}  |a SNK  |b SNK  |y PREZ  |7 0  |o snkSD 63197/2  |0 0  |1 0  |4 0  |d 2003-02-05  |l 0  |r 2005-01-02 00:00:00  |w 2026-02-23